| 000 | 00644cam a2200217 4500 | ||
|---|---|---|---|
| 001 | ABS62063 | ||
| 008 | 000000n2000 000 0 eng u | ||
| 035 | _a(Sirsi) u104917 | ||
| 100 | _aAtkinson, D. | ||
| 245 | _aResolution without pain | ||
| 260 | _c2000 | ||
| 490 |
_aConstruction News _v(6657) 16 March 2000, 15(1) |
||
| 520 | _aSuggests mediation as a quicker and more effecient way to resolve disputes than litigation. | ||
| 590 | _aABS | ||
| 650 | _aMEDIATION | ||
| 650 | _aALTERNATIVE DISPUTE RESOLUTION | ||
| 650 | _aCIVIL PROCEDURE RULES 1998 | ||
| 650 | _aLITIGATION | ||
| 690 |
_aDispute resolution _96236 |
||
| 942 | _n0 | ||
| 999 |
_c62941 _d62941 |
||